000 00291nam a2200109Ia 4500
008 230320s9999||||xx |||||||||||||| ||spa||
082 _a410/G82
100 _aGriffin, Kim
245 0 _aLingüística Aplicada A La Enseñanza Del Español Como 2 / L
260 _bArco libros
942 _80
_cLIB
999 _c45824
_d45824